Groupe de six - mythologie grecque - Statistiques

Statistiques générales
  • Ce quiz a été pris 97 fois
  • Le résultat moyen est 23 sur 60
Statistiques - réponses
Indice Réponse % Correct
Déesse olympienne: Athéna
100%
Déesse olympienne: Héra
97%
Enfant de Chronos: Héra
97%
Déesse olympienne: Aphrodite
95%
Déesse olympienne: Artémis
90%
Déesse olympienne: Déméter
86%
Enfant de Chronos: Déméter
86%
Enfant de Chronos: Poséidon
84%
Héros célèbre: Héraclès
83%
Enfant de Chronos: Zeus
83%
Enfant de Chronos: Hadès
81%
Déesse olympienne: Hestia
74%
Enfant de Chronos: Hestia
74%
Fonctions principales d'Apollon: Musique
71%
Héros célèbre: Persée
66%
Héros célèbre: Thésée
61%
Héros célèbre: Jason
55%
Ouvrage de la mythologie grecque: Odyssée
52%
Fonctions principales d'Apollon: Soleil
47%
Travaux d'Héraclès: Lion de Nemée
45%
Monstres: Méduse
44%
Ouvrage de la mythologie grecque: Iliade
42%
Travaux d'Héraclès: Hydre de Lerne
40%
Amante de Zeus: Léto
36%
Prisonnier du Tartare: Tantale
30%
Fonctions principales d'Apollon: Chant
27%
Amante de Zeus: Léda
26%
Héros célèbre: Œdipe
26%
Héros célèbre: Bellérophon
25%
Monstres: Chimère
25%
Fonctions principales d'Apollon: Lumière
25%
Prisonnier du Tartare: Ixion
23%
Fonctions principales d'Apollon: Poésie
23%
Monstres: Minotaure
22%
Monstres: Sirènes
22%
Prisonnier du Tartare: Sysiphe
22%
Travaux d'Héraclès: Écuries d'Augias
21%
Monstres: Sphinx
19%
Prisonnier du Tartare: Danaïdes
18%
Amante de Zeus: Danaé
17%
Amante de Zeus: Maïa
17%
Amante de Zeus: Sémélé
17%
Ouvrage de la mythologie grecque: Les métamorphoses
16%
Expresssion de la langue française: Le talon d'Achille
16%
Travaux d'Héraclès: Oiseaux du lac Stymphale
16%
Travaux d'Héraclès: Sanglier d'Erymanthe
16%
Amante de Zeus: Alcmène
14%
Ouvrage de la mythologie grecque: Enéide
14%
Prisonnier du Tartare: Hécatonchires
14%
Fonctions principales d'Apollon: Guérison
13%
Prisonnier du Tartare: Titans
13%
Travaux d'Héraclès: Biche de Cérynie
12%
Monstres: Pégase
12%
Expression de la langue française: Toucher le pactole
8%
Expression de la langue française: Le fil d'Ariane
6%
Expression de la langue française: Ouvrir la boîte de Pandore
6%
Expression de la langue française: Tomber dans les bras de Morphée
6%
Expression de la langue française: Jouer les Cassandre
3%
Ouvrage de la mythologie grecque: Les travaux et les jours
3%
Ouvrage de la mythologie grecque: Théogonie d'Hésiode
3%
Aucun quiz correspondant
Distribution des résultats
% des personnes avec chaque résultat
Percentile par nombre de réponses
Votre historique - résultats
Vous n’avez pas pris ce quiz